Phytochemicals and Phytopharmaceuticals /
Сохранить в:
| Главный автор: | |
|---|---|
| Другие авторы: | |
| Формат: | |
| Язык: | английский |
| Опубликовано: |
Champaign, EUA :
AOCS,
2000, c2000
|
| Предметы: | |
| Метки: |
Нет меток, Требуется 1-ая метка записи!
|
MARC
| LEADER | 00000nam^a2200000^a^4500 | ||
|---|---|---|---|
| 001 | 000156665 | ||
| 005 | 20250521000000.0 | ||
| 009 | 20260310100511.559 | ||
| 020 | |a 1-893997-05-7 | ||
| 037 | |a Acervo ITESO - Biblioteca | ||
| 041 | |a ING | ||
| 082 | |a 615. 32 |b SHA | ||
| 100 | |a Shahidi, Fereidoon |e (edición) | ||
| 245 | 1 | 0 | |a Phytochemicals and Phytopharmaceuticals / |c Ed. de F. Shahidi, C.T. Ho. |
| 264 | 4 | |a Champaign, EUA : |b AOCS, |c 2000, c2000 | |
| 300 | |a VIII, 431 p. | ||
| 336 | |a texto |b txt |2 rdacontenido | ||
| 337 | |a sin mediación |b n |2 rdamedio | ||
| 338 | |a volumen |b nc |2 rdasoporte | ||
| 649 | |a XX | ||
| 650 | |a Ajo | ||
| 650 | |a Papa (Verdura) | ||
| 650 | |a Cítricos | ||
| 650 | |a Vitamina E | ||
| 650 | |a Carotenoides | ||
| 650 | |a Flavonoides | ||
| 650 | |a Fitoquímicos - |x Tema Principal | ||
| 650 | |a Productos Naturales | ||
| 650 | |a Plantas Medicinales - |z Yucatán | ||
| 650 | |a Plantas Medicinales - |z México | ||
| 650 | |a Plantas Medicinales | ||
| 650 | |a Antioxidantes | ||
| 650 | |a Materia Médica Vegetal | ||
| 650 | |a Nutrición | ||
| 650 | |a Farmacognosia | ||
| 700 | |a Ho, Chi-Tang |e (edición) | ||
| 910 | |a Fondo General | ||
| 920 | |a Impresos - Libros | ||
| 930 | |a Reserva Especial | ||
| 905 | |a 103 | ||
| 901 | |a 0500085379 |b IT1 |c REE |u 20250521 | ||
| 902 | |a https://opac.biblio.iteso.mx/vufind/Record/000156665 | ||